000
00313nam a2200109Ia 4500
008
220204s9999 xx 000 0 und d
082
_a
331.556.4
_b
PIO
100
_a
PIORE, M J
245
0
_a
Birds of passage: Migrant labour and industrial societies
260
_a
Cambridge
_b
Cambridge Univ Press
_c
1979
942
_c
BK
999
_c
33244
_d
33244